ལྷོའི་ཆོས་འབྱུང་འཕྲོ་མཐུན་འཇམ་མགོན་སྨོན་མཐའི་འཕྲེང་བ། (Record no. 10118)
[ view plain ]
| 000 -LEADER | |
|---|---|
| fixed length control field | 00463nam a22001217a 4500 |
| 008 - FIXED-LENGTH DATA ELEMENTS--GENERAL INFORMATION | |
| fixed length control field | 241216b |||||||| |||| 00| 0 eng d |
| 020 ## - INTERNATIONAL STANDARD BOOK NUMBER | |
| International Standard Book Number | 9789993653509 |
| 100 ## - MAIN ENTRY--PERSONAL NAME | |
| Personal name | རིན་ཆེན་འོད་ཟེར། |
| 245 ## - TITLE STATEMENT | |
| Title | ལྷོའི་ཆོས་འབྱུང་འཕྲོ་མཐུན་འཇམ་མགོན་སྨོན་མཐའི་འཕྲེང་བ། |
| 260 ## - PUBLICATION, DISTRIBUTION, ETC. | |
| Date of publication, distribution, etc. | ༢༠༡༩. |
| 300 ## - PHYSICAL DESCRIPTION | |
| Extent | p. 841; |
| Dimensions | 23 Cm. |
| 942 ## - Added entry Elements (Koha) | |
| Source of classification or shelving scheme | Dewey Decimal Classification |
No items available.